000 00380nam a2200145 i 4500
001 bg
100 1 _aMIRSKI, Zygmunt
245 0 _aWyposażenie stołówek w zakładach przemysłowych /
_cBarbara Mirska, Zygmunt Mirski.
250 _aWyd.2 znowel.
260 _aWarszawa,
_c1970.
040 _cBPK
041 _apol
942 _cKS
008 s pl f |000 0 pol
999 _c27219
_d27219
856 _uhttp://koha.tu.koszalin.pl/cgi-bin/koha/opac-detail.pl?biblionumber=27219
_yKatalog online BPK